| 000 | 00631nam a2200181 u 4500 | ||
|---|---|---|---|
| 001 | 000242141 | ||
| 003 | AM-YeHGA | ||
| 005 | 20250618071623.0 | ||
| 008 | 030701s1950 ai r 000 0 arm d | ||
| 040 | _aAM-YeHGA | ||
| 245 | 1 | 0 |
_aԳանձը : _bՎիպակ / _cՅա. Տայց; Թարգմ.՝ Գար. Հակոբյան; Խմբ.՝ Արաքս. |
| 260 |
_aԵրևան : _bՀայպետհրատ, _c1950. |
||
| 300 |
_a94 էջ ; _c20 սմ. |
||
| 650 | 1 | 4 |
_aՌուս գրականություն _xՎիպակ |
| 700 | 1 |
_aՀակոբյան, Գար. _eթարգմ. _4trl _95441 |
|
| 700 | 0 |
_aԱրաքս, _d1903-1978 _eխմբ. _4edt _997 |
|
| 090 | _c87119 | ||
| 999 |
_c85840 _d85840 |
||